000 01144cab a2200193 4500
001 ##L131910
008 051215n2005 000 0 eng u
035 _a(Sirsi) u131910
041 0 _aeng
110 2 _aBuilding Research Establishment
245 0 0 _aSpaceover enhances its mortgage and insurance appeal
260 _c2005
490 0 _aBRE News Release
_v9 December 2005
520 _aBRE Certification has issued technical approval for the modular Spaceover Building System, confirming that it achieves consistently low levels of sound and heat transmittance, high fire resistance and excellent weather tightness and durability. On the strength of this approval, mortgage lenders and insurers are now prepared to allow homebuyers to purchase Spaceover apartments and houses. The approval covers Spaceover structures up to four stories in height.
590 _aIKA030106
690 _aPROPERTY-RESIDENTIAL PROPERTY-RESIDENTIAL PROPERTY FINANCE AND INVESTMENT-MORTGAGING RESIDENTIAL PROPERTY-MORTGAGE VALUATION
856 4 1 _uhttps://www.bre.co.uk/newsdetails.jsp?id=353
_zView the item free of charge at www.bre.co.uk...
942 _n0
999 _c76291
_d76291